|
|
|
|
| LEADER |
00915nam a2200205Ia 4500 |
| 001 |
136951 |
| 008 |
170722s9999 xx 000 0 und d |
| 020 |
|
|
|a 8187083204
|
| 100 |
|
|
|a Raghu, A.
|
| 245 |
|
|
|a Sir C P Ramaswami Aiyar
|b Oru leghu jeeva charithram /
|
| 260 |
|
|
|a Kollam :
|b Imprint Books ,
|c 1999.
|
| 300 |
|
|
|a 71 p.
|c 22cms
|
| 500 |
|
|
|a Tr by A Raghu and K P Nandakumar
|
| 653 |
|
|
|a Biography
|
| 653 |
|
|
|a India
|
| 942 |
|
|
|c GEN
|
| 999 |
|
|
|c 120753
|d 120753
|
| 952 |
|
|
|0 0
|1 0
|4 0
|6 W_2M79_32N9KRN92GB
|7 0
|8 KR
|9 170856
|a LIB
|b LIB
|d 2017-08-12
|o w2,M79 32N9(KR)-N9;2(GB)
|p 236766
|r 2017-08-12
|v 30.00
|w 2017-08-12
|y GEN
|
| 952 |
|
|
|0 0
|1 0
|4 0
|6 W_2M79_32N9KRN92GB
|7 0
|8 GB
|9 170857
|a LIB
|b LIB
|d 2017-08-12
|l 1
|o w2,M79 32N9(KR)-N9;2(GB)
|p 236767
|r 2018-01-14
|s 2018-01-11
|v 30.00
|w 2017-08-12
|y GEN
|
| 952 |
|
|
|0 0
|1 0
|4 0
|6 W_2M79_32N9KRN92GB
|7 0
|8 GB
|9 170858
|a LIB
|b LIB
|d 2017-08-12
|o w2,M79 32N9(KR)-N9;2(GB)
|p G32112
|r 2017-08-12
|v 30.00
|w 2017-08-12
|y GEN
|